[Event "II Festival Magistrale"]
[Site "Montecatini Terme ITA"]
[Date "1993.07.??"]
[Round "?"]
[White "Belotti, Bruno"]
[Black "Djuric, Stefan"]
[WhiteElo "2410"]
[BlackElo "2495"]
[Result "1-0"]
[PlyCount "83"]
[EventDate "1993.07.31"]

1. d4 Nf6 2. c4 e6 3. Nf3 b6 4. g3 Bb7 5. Bg2 Bb4+ 6. Nbd2 O-O 7. a3 Be7 8. Qc2
d5 9. Ne5 c5 10. dxc5 Bxc5 11. O-O Qc7 12. Nd3 Be7 13. Qa4 d4 14. Nf3 Nc6 15.
Bf4 Bd6 16. Bxd6 Qxd6 17. c5 bxc5 18. Qb5 Rab8 19. Qxc5 Qd8 20. Rfd1 Ne4 21.
Qc2 Qe7 22. Nde1 f5 23. Nxd4 Rfc8 24. Nxc6 Bxc6 25. Rac1 Qe8 26. Qb1 Ba4 27.
Rxc8 Qxc8 28. Rd4 Qc5 29. e3 Nc3 30. Qd3 Rxb2 31. Rc4 Ne2+ 32. Kf1 Qa5 33. Qd6
Rb6 34. Qe7 h6 35. Bf3 Rb1 36. Rb4 Rxe1+ 37. Kxe1 Nc1 38. Qxe6+ Kh7 39. Qc4 Nb3
40. Bd1 Nc5 41. Bxa4 Nxa4 42. Qb5 1-0

[Event "II Festival Magistrale"]
[Site "Montecatini Terme ITA"]
[Date "1993.07.??"]
[Round "?"]
[White "Borgo, Giulio"]
[Black "Sarno, Spartaco"]
[WhiteElo "2370"]
[BlackElo "2390"]
[Result "0-1"]
[PlyCount "62"]
[EventDate "1993.07.31"]

1. e4 d6 2. d4 Nf6 3. Nc3 g6 4. Be3 c6 5. f3 b5 6. Qd2 Bg7 7. O-O-O O-O 8. Kb1
Qa5 9. Nd5 Nxd5 10. Qxa5 Nxe3 11. Rd3 Nc4 12. Qe1 c5 13. dxc5 dxc5 14. c3 b4
15. Rd1 Nxb2 16. Rc1 bxc3 17. Rxc3 Na4 18. Ra3 Nb6 19. Ne2 Nc6 20. f4 Rb8 21.
Kc1 Nc4 22. Ra4 Bb2+ 23. Kc2 Nb4+ 24. Rxb4 Rxb4 25. Qxb4 cxb4 26. Ng3 Be5 27.
fxe5 Nxe5 28. Kb3 a5 29. Ka4 Be6 30. Kxa5 Rb8 31. Bb5 Bxa2 0-1

[Event "II Festival Magistrale"]
[Site "Montecatini Terme ITA"]
[Date "1993.07.??"]
[Round "?"]
[White "Efimov, Igor"]
[Black "Belotti, Bruno"]
[WhiteElo "2490"]
[BlackElo "2410"]
[Result "1/2-1/2"]
[PlyCount "124"]
[EventDate "1993.07.31"]

1. d4 Nf6 2. Nf3 g6 3. g3 Bg7 4. Bg2 O-O 5. O-O d6 6. Re1 Nc6 7. d5 Nb4 8. e4
e6 9. c4 a5 10. Nc3 Re8 11. h3 h6 12. Rb1 exd5 13. cxd5 Na6 14. Nd4 Bd7 15. g4
h5 16. g5 Nh7 17. f4 c6 18. Be3 Nc7 19. a4 cxd5 20. exd5 Na6 21. Kh2 Nc5 22.
Ncb5 Qb6 23. b3 Re7 24. Bg1 Rxe1 25. Qxe1 Re8 26. Qf1 Nf8 27. Rc1 Bxb5 28. Qxb5
Qd8 29. Rf1 Nfd7 30. h4 Nb8 31. f5 Be5+ 32. Kh1 Nbd7 33. Ne6 fxe6 34. fxe6 Nb8
35. Bxc5 dxc5 36. Rf7 Re7 37. Qe2 Bd4 38. Rf6 Bxf6 39. gxf6 Rh7 40. Qe5 Nd7 41.
exd7 Rxd7 42. Bh3 Rd6 43. Be6+ Kh7 44. Kg2 Rb6 45. Kf2 Rd6 46. Ke2 Rb6 47. Kd2
Rd6 48. Kc2 Rb6 49. Kc3 Rd6 50. Kd3 Rb6 51. Kc2 Rd6 52. Qf4 Qf8 53. Kd3 Qd8 54.
Kc3 Qf8 55. Kc4 Qd8 56. Kc3 Qf8 57. Kd3 Qd8 58. Qe5 Rb6 59. Kc2 Rd6 60. Qf4 Qf8
61. Qf1 Rd8 62. Qf4 Rd6 1/2-1/2

[Event "II Festival Magistrale"]
[Site "Montecatini Terme ITA"]
[Date "1993.07.??"]
[Round "?"]
[White "Gasser, Giorgio"]
[Black "Leoncini, Mario"]
[WhiteElo "2050"]
[BlackElo "2250"]
[Result "1/2-1/2"]
[PlyCount "91"]
[EventDate "1993.07.31"]

1. e4 c5 2. d3 e6 3. f4 d5 4. e5 Ne7 5. Nf3 Nbc6 6. g3 Nf5 7. Nc3 Be7 8. Bg2 h5
9. Ne2 b6 10. c3 Bb7 11. d4 Rc8 12. h4 Qd7 13. Bh3 g6 14. Bxf5 gxf5 15. Be3 Ba6
16. Rc1 Na5 17. Kf2 Qb5 18. b3 Qxe2+ 19. Qxe2 Bxe2 20. Kxe2 O-O 21. Bd2 Nc6 22.
Rc2 b5 23. Rb1 a6 24. b4 cxd4 25. cxd4 Na7 26. Rbc1 Rxc2 27. Rxc2 Rc8 28. Rxc8+
Nxc8 29. Ne1 Nb6 30. Nd3 Kf8 31. Nc5 Bxc5 32. dxc5 Nc8 33. Bc3 Ke7 34. Kd3 Kd7
35. Bd4 Ne7 36. a3 Nc6 37. Kc3 Kc7 38. Bg1 Kb7 39. Bd4 a5 40. Bf2 Nb8 41. Bd4
Kc6 42. Kb3 axb4 43. axb4 Kd7 44. Kc3 Nc6 45. Bf2 Ne7 46. Bd4 1/2-1/2

[Event "II Festival Magistrale"]
[Site "Montecatini Terme ITA"]
[Date "1993.07.??"]
[Round "?"]
[White "Godena, Michele"]
[Black "Efimov, Igor"]
[WhiteElo "2505"]
[BlackElo "2490"]
[Result "1-0"]
[PlyCount "126"]
[EventDate "1993.07.31"]

1. e4 d6 2. d4 g6 3. Nf3 Bg7 4. h3 c6 5. a4 Nd7 6. Be3 Ngf6 7. Nc3 Qa5 8. Nd2
O-O 9. Be2 Ne8 10. O-O f5 11. f4 fxe4 12. Ndxe4 Ndf6 13. Kh2 Qc7 14. Nxf6+ Nxf6
15. d5 e6 16. dxe6 Bxe6 17. Qd2 Rad8 18. Bf3 a6 19. Rfe1 Bh6 20. g3 Qd7 21. Bg2
Rf7 22. Rad1 d5 23. a5 Nh5 24. Na4 Qd6 25. Nc5 Bf5 26. Bd4 Rdf8 27. Qc3 Bc8 28.
Be5 Qd8 29. Rf1 Ng7 30. b4 g5 31. fxg5 Qxg5 32. Rxf7 Rxf7 33. Rf1 Nf5 34. Bf4
Qg7 35. Qxg7+ Bxg7 36. g4 Nd4 37. Bg3 Rxf1 38. Bxf1 Nxc2 39. Bd6 Nxb4 40. Nxb7
Bxb7 41. Bxb4 Bd4 42. Kg3 c5 43. Bd2 c4 44. h4 Bb2 45. Bf4 Bc3 46. Bc7 Be1+ 47.
Kh3 Bc8 48. h5 Be6 49. Bb6 Kf7 50. Be2 Bd2 51. Kg3 Kf6 52. Kf3 Ke5 53. Bc7+ Kd4
54. Bd8 Kc3 55. Bf6+ Kc2 56. g5 Bf7 57. Kf2 Bxa5 58. g6 hxg6 59. h6 Bg8 60. Bf3
Bc3 61. Bxc3 Kxc3 62. Bxd5 Bh7 63. Ke3 a5 1-0

[Event "II Festival Magistrale"]
[Site "Montecatini Terme ITA"]
[Date "1993.07.??"]
[Round "?"]
[White "Lanzani, Giuliano"]
[Black "Solinas, Carlo"]
[WhiteElo "1914"]
[BlackElo "1979"]
[Result "0-1"]
[PlyCount "71"]
[EventDate "1993.07.31"]

1. e4 e5 2. Nf3 Nc6 3. Bb5 f5 4. d4 fxe4 5. Nxe5 Nxe5 6. dxe5 c6 7. Nc3 cxb5 8.
Nxe4 d5 9. exd6 Nf6 10. Bg5 Qa5+ 11. Bd2 b4 12. Nxf6+ gxf6 13. Qe2+ Qe5 14.
Qxe5+ fxe5 15. Bxb4 Be6 16. O-O-O Kd7 17. Rhe1 Bh6+ 18. Kb1 Rae8 19. Bc3 Rhf8
20. f3 Bg7 21. b3 Bf5 22. Kb2 Rc8 23. f4 Rxc3 24. Kxc3 Rc8+ 25. Kb4 Bxc2 26.
Rd2 e4 27. Re3 Bd3 28. Rexd3 exd3 29. Rxd3 Bf8 30. Rd2 Bxd6+ 31. Kb5 Rc5+ 32.
Ka4 Rc6 33. g3 Rb6 34. Rc2 Rb4+ 35. Ka5 Rb6 36. f5 0-1

[Event "II Festival Magistrale"]
[Site "Montecatini Terme ITA"]
[Date "1993.07.??"]
[Round "?"]
[White "Monteleone, Antonio"]
[Black "Efimov, Igor"]
[WhiteElo "2099"]
[BlackElo "2490"]
[Result "0-1"]
[PlyCount "59"]
[EventDate "1993.07.31"]

1. d4 d5 2. c4 e6 3. Nc3 Nf6 4. Bg5 Nbd7 5. e3 h6 6. Bh4 Be7 7. Nf3 O-O 8. Rc1
c6 9. Bd3 dxc4 10. Bxc4 a6 11. O-O b5 12. Bd3 Bb7 13. Qe2 c5 14. Rfd1 Rc8 15.
Bb1 cxd4 16. exd4 b4 17. Ne4 Qa5 18. Nxf6+ Nxf6 19. Rxc8 Rxc8 20. Ne5 Bd5 21.
b3 Bb7 22. f3 Qd8 23. Be1 Nd5 24. Qd3 f5 25. Bd2 Bg5 26. f4 Bxf4 27. Re1 Qg5
28. Nf3 Qg4 29. Qe2 Rc6 30. Ne5 0-1

[Event "II Festival Magistrale"]
[Site "Montecatini Terme ITA"]
[Date "1993.07.??"]
[Round "?"]
[White "Monteleone, Antonio"]
[Black "Sarno, Spartaco"]
[WhiteElo "2099"]
[BlackElo "2390"]
[Result "0-1"]
[PlyCount "68"]
[EventDate "1993.07.31"]

1. d4 g6 2. c4 Nf6 3. Nc3 d5 4. Nf3 Bg7 5. Bg5 Ne4 6. cxd5 Nxg5 7. Nxg5 c6 8.
dxc6 Nxc6 9. e3 O-O 10. Nf3 e5 11. d5 e4 12. dxc6 exf3 13. Qxd8 Rxd8 14. gxf3
bxc6 15. Bc4 Rb8 16. Nd1 Bh3 17. Rg1 Rxb2 18. Nxb2 Bc3+ 19. Ke2 Rd2+ 20. Ke1
Rxb2+ 21. Kd1 Rb4 22. Rc1 Rxc4 23. Ke2 Bc8 24. f4 Ba6 25. Kf3 Bb4 26. f5 Rxc1
27. Rxc1 gxf5 28. Kf4 c5 29. Kxf5 Bd3+ 30. Kf6 c4 31. Ke5 Ba3 32. Rg1+ Kf8 33.
Rd1 Bb2+ 34. Kd5 c3 0-1

[Event "II Festival Magistrale"]
[Site "Montecatini Terme ITA"]
[Date "1993.07.??"]
[Round "?"]
[White "Negro, Roberto"]
[Black "Borgo, Giulio"]
[WhiteElo "2154"]
[BlackElo "2370"]
[Result "0-1"]
[PlyCount "80"]
[EventDate "1993.07.31"]

1. d4 Nf6 2. c4 c5 3. d5 b5 4. Nf3 g6 5. cxb5 a6 6. Nc3 axb5 7. d6 Qa5 8. Nd2
Ba6 9. e4 b4 10. Nb3 Qb6 11. e5 bxc3 12. exf6 Qb4 13. bxc3 Qxc3+ 14. Bd2 Qe5+
15. Be3 Bxf1 16. Kxf1 Qxd6 17. Qxd6 exd6 18. g4 Na6 19. Kg2 d5 20. Rhe1 Kd8 21.
Nd2 Bd6 22. Bh6 Kc7 23. Nf3 Nb4 24. Red1 Kc6 25. Ng5 Be5 26. Bg7 Bxa1 27. Bxh8
Bb2 28. Bg7 Rg8 29. Nxf7 Rxg7 30. fxg7 Bxg7 31. a3 Na2 32. Ng5 c4 33. Rd2 Nc1
34. f4 Nd3 35. Kf3 h6 36. Nf7 c3 37. Re2 Kb6 38. Ke3 Nc5 39. Rc2 d4+ 40. Ke2
d3+ 0-1

[Event "II Festival Magistrale"]
[Site "Montecatini Terme ITA"]
[Date "1993.07.??"]
[Round "?"]
[White "Sarno, Spartaco"]
[Black "Barletta, Mauro"]
[WhiteElo "2390"]
[BlackElo "2210"]
[Result "0-1"]
[PlyCount "76"]
[EventDate "1993.07.31"]

1. c4 e6 2. Nf3 Nf6 3. g3 d5 4. b3 Be7 5. Bg2 O-O 6. O-O a5 7. cxd5 exd5 8. d4
Re8 9. Nc3 c6 10. Qc2 Nbd7 11. Bb2 Bd6 12. Rad1 Qe7 13. Rfe1 Ne4 14. Nxe4 dxe4
15. Nd2 Nf6 16. Nc4 Bb4 17. Rf1 Bf5 18. a3 Bd6 19. Nxd6 Qxd6 20. Qc5 Qe6 21.
Qc4 Nd5 22. e3 Bh3 23. Rd2 Bxg2 24. Kxg2 a4 25. Kg1 Qh3 26. Rb1 axb3 27. Bc1
Re6 28. Qf1 Qf5 29. Rxb3 b5 30. Rc2 h5 31. Rc5 h4 32. Rbc3 hxg3 33. hxg3 Qf3
34. Qg2 Qg4 35. Bb2 b4 36. axb4 Ra2 37. f4 exf3 38. Qf2 Rxb2 0-1

[Event "II Festival Magistrale"]
[Site "Montecatini Terme ITA"]
[Date "1993.07.??"]
[Round "?"]
[White "Satta, Vladimiro"]
[Black "Rossi, Carlo"]
[WhiteElo "2340"]
[BlackElo "2330"]
[Result "0-1"]
[PlyCount "82"]
[EventDate "1993.07.31"]

1. g3 e5 2. Bg2 Bc5 3. d3 f5 4. Nc3 Nf6 5. Nf3 e4 6. dxe4 fxe4 7. Nd4 d5 8. O-O
O-O 9. Kh1 c6 10. f3 Qe8 11. Bf4 Qh5 12. Nb3 Bb6 13. Na4 Bd8 14. Qd4 Bh3 15. c4
Nbd7 16. cxd5 Bxg2+ 17. Kxg2 exf3+ 18. exf3 Nxd5 19. Bd6 Rf6 20. g4 Qh6 21. Bg3
Ne3+ 22. Kg1 Nxf1 23. Rxf1 Rf7 24. Re1 Bf6 25. Qb4 Nf8 26. Nc3 Bh4 27. Ne4 Bxg3
28. Nxg3 Qg5 29. Nd2 Rd8 30. Nde4 Qf4 31. Nf5 Ng6 32. Rf1 Kh8 33. Qa5 b6 34.
Qc3 c5 35. Kg2 h6 36. Re1 Kh7 37. h4 Rxf5 38. gxf5 Nxh4+ 39. Kh3 Nxf3 40. Nf6+
Kh8 41. Ne8 Ng5+ 0-1

[Event "II Festival Magistrale"]
[Site "Montecatini Terme ITA"]
[Date "1993.07.??"]
[Round "?"]
[White "Vezzosi, Paolo"]
[Black "Djuric, Stefan"]
[WhiteElo "2280"]
[BlackElo "2495"]
[Result "1-0"]
[PlyCount "50"]
[EventDate "1993.07.31"]

1. e4 e6 2. d4 d5 3. e5 c5 4. c3 Nc6 5. Nf3 Nh6 6. Bd3 Bd7 7. O-O cxd4 8. cxd4
Qb6 9. Nc3 Nxd4 10. Nxd4 Qxd4 11. Nb5 Qxe5 12. g3 Rc8 13. Nxa7 Rc5 14. Bf4 Qf6
15. Qb3 g5 16. Bd2 Ng4 17. Qxb7 Bd6 18. Bb5 O-O 19. Qxd7 Bxg3 20. Kg2 Rc7 21.
hxg3 Rxd7 22. Bxd7 Ne5 23. Bb5 Qf3+ 24. Kg1 Qe4 25. Ba5 Nf3+ 1-0

[Event "II Festival Magistrale"]
[Site "Montecatini Terme ITA"]
[Date "1993.07.??"]
[Round "1"]
[White "Belotti, Bruno"]
[Black "De Vita, Gianni"]
[WhiteElo "2410"]
[BlackElo "2003"]
[Result "1-0"]
[PlyCount "47"]
[EventDate "1993.07.31"]

1. e4 c5 2. Nf3 Nc6 3. d4 cxd4 4. Nxd4 Nf6 5. Nc3 e5 6. Ndb5 d6 7. Bg5 a6 8.
Na3 b5 9. Nd5 Be7 10. Bxf6 gxf6 11. c3 f5 12. Nxb5 axb5 13. Bxb5 Bd7 14. exf5
Rb8 15. a4 Bg5 16. Qh5 Ne7 17. Nb4 Bxb5 18. axb5 Bf6 19. O-O Rxb5 20. Ra7 Qc8
21. Rd1 d5 22. Nxd5 Rxd5 23. Rxd5 Nxd5 24. Qxf7+ 1-0

[Event "II Festival Magistrale"]
[Site "Montecatini Terme ITA"]
[Date "1993.07.??"]
[Round "1"]
[White "De Santis, Alessio"]
[Black "Leoncini, Mario"]
[WhiteElo "1972"]
[BlackElo "2250"]
[Result "1/2-1/2"]
[PlyCount "96"]
[EventDate "1993.07.31"]

1. Nf3 Nf6 2. d4 d5 3. e3 e6 4. Bd3 c5 5. c3 Nc6 6. Nbd2 Be7 7. Qe2 O-O 8. dxc5
Bxc5 9. e4 Qc7 10. O-O dxe4 11. Nxe4 Be7 12. Nxf6+ Bxf6 13. Qe4 g6 14. Bh6 Re8
15. Bg5 Bxg5 16. Nxg5 f6 17. Nf3 e5 18. Rad1 Kg7 19. Bc4 Bf5 20. Qe3 Rad8 21.
Bd5 Qa5 22. b4 Qc7 23. a3 Ne7 24. Bb3 b6 25. Rfe1 Rxd1 26. Rxd1 Rc8 27. c4 Bg4
28. h3 Nf5 29. Qd3 Bxf3 30. Qxf3 Nd4 31. Qd3 Nxb3 32. Qxb3 Qxc4 33. Rd7+ Kh6
34. Qe3+ g5 35. Rxa7 Qc1+ 36. Qxc1 Rxc1+ 37. Kh2 b5 38. g4 Kg6 39. Kg2 h5 40.
Rb7 Rc3 41. Rxb5 Rxa3 42. Rb6 h4 43. Rb7 Rb3 44. b5 e4 45. b6 Rb1 46. Rb8 Kh7
47. Kh2 Rf1 48. Kg2 Rb1 1/2-1/2

[Event "II Festival Magistrale"]
[Site "Montecatini Terme ITA"]
[Date "1993.07.??"]
[Round "2"]
[White "Gagliardi, Pietro"]
[Black "Efimov, Igor"]
[WhiteElo "2215"]
[BlackElo "2490"]
[Result "1/2-1/2"]
[PlyCount "80"]
[EventDate "1993.07.31"]

1. e4 c5 2. Nf3 Nc6 3. d4 cxd4 4. Nxd4 Qb6 5. Nb3 Nf6 6. Bd3 e6 7. O-O d5 8.
exd5 Nxd5 9. a3 Be7 10. c4 Nf6 11. Nc3 O-O 12. Be3 Qc7 13. Qe2 b6 14. Rac1 Bb7
15. c5 Ne5 16. cxb6 Qc6 17. f3 Nxd3 18. Qxd3 axb6 19. Nd4 Qd7 20. Rfd1 Rfd8 21.
Qb5 Bc5 22. Qxd7 Rxd7 23. Nc2 Rc7 24. Bxc5 Rxc5 25. Nb4 Rac8 26. Ne2 g5 27. h3
Kf8 28. Kf2 Ke7 29. Nd3 Rxc1 30. Rxc1 Rxc1 31. Ndxc1 Kd6 32. Nc3 Kc5 33. Ke3 h5
34. Nb3+ Kd6 35. Nd4 Ba6 36. g3 Nd5+ 37. Nxd5 Kxd5 38. h4 f6 39. f4 e5 40. fxe5
Kxe5 1/2-1/2

[Event "II Festival Magistrale"]
[Site "Montecatini Terme ITA"]
[Date "1993.07.??"]
[Round "2"]
[White "Leoncini, Mario"]
[Black "Solinas, Carlo"]
[WhiteElo "2250"]
[BlackElo "1979"]
[Result "1-0"]
[PlyCount "103"]
[EventDate "1993.07.31"]

1. e4 e5 2. Nf3 Nc6 3. Bb5 f5 4. Nc3 fxe4 5. Nxe4 d5 6. Nxe5 dxe4 7. Nxc6 Qd5
8. c4 Qd6 9. Nxa7+ Bd7 10. Bxd7+ Qxd7 11. Nb5 c6 12. Qh5+ g6 13. Qe5+ Kf7 14.
Qd4 Qe7 15. Nc3 Nf6 16. O-O Rd8 17. Qe3 h5 18. f3 Bh6 19. Qf2 Kg7 20. Re1 Rhf8
21. Nxe4 Nxe4 22. Rxe4 Qxe4 23. fxe4 Rxf2 24. Kxf2 Bxd2 25. Ke2 Ba5 26. Be3 Bc7
27. h3 Kf6 28. Rf1+ Ke6 29. Bf4 Bb6 30. Rd1 Rf8 31. Be3 Bc7 32. Bd4 Rf4 33. Ke3
Rf7 34. b3 Bg3 35. Ke2 Rf4 36. Rf1 Rxe4+ 37. Kd3 Rf4 38. Rxf4 Bxf4 39. Ke4 Bh6
40. Bc5 Bg7 41. a4 Be5 42. b4 Bc3 43. b5 Ba5 44. bxc6 bxc6 45. Bd4 Bc7 46. Bc3
c5 47. a5 Bd8 48. a6 Bb6 49. Be5 Ba7 50. Bf4 Kd7 51. Kd5 Bb6 52. Bd6 1-0

[Event "II Festival Magistrale"]
[Site "Montecatini Terme ITA"]
[Date "1993.07.??"]
[Round "2"]
[White "Verrascina, Roberto"]
[Black "Godena, Michele"]
[WhiteElo "2225"]
[BlackElo "2505"]
[Result "1-0"]
[PlyCount "74"]
[EventDate "1993.07.31"]

1. Nh3 g6 2. g3 Bg7 3. Bg2 c6 4. c3 d5 5. d3 Nf6 6. Qa4 Nbd7 7. O-O Qb6 8. Qa3
a5 9. e4 Ne5 10. Nf4 g5 11. Be3 Qc7 12. Ne2 Nxd3 13. exd5 Nxd5 14. Bxd5 cxd5
15. Nd2 h6 16. Qb3 O-O 17. Qxd5 Rd8 18. Qb5 Qc6 19. Qxc6 bxc6 20. Bb6 Rd7 21.
Nb3 Nxb2 22. Bxa5 Rda7 23. Rfb1 Nc4 24. Bb4 Rxa2 25. Rxa2 Rxa2 26. Ned4 e5 27.
Nxc6 Bh3 28. Nca5 Nxa5 29. Nxa5 e4 30. Nc4 f5 31. Re1 Kf7 32. Nd6+ Kg6 33. Ne8
Be5 34. Rc1 e3 35. fxe3 Rg2+ 36. Kh1 Re2 37. Bd6 Bxc3 1-0

[Event "II Festival Magistrale"]
[Site "Montecatini Terme ITA"]
[Date "1993.07.??"]
[Round "3"]
[White "Belotti, Bruno"]
[Black "Guido, Flavio"]
[WhiteElo "2410"]
[BlackElo "2280"]
[Result "1/2-1/2"]
[PlyCount "87"]
[EventDate "1993.07.31"]

1. c4 c5 2. Nf3 g6 3. d4 Bg7 4. d5 Nf6 5. Nc3 O-O 6. e4 d6 7. h3 e6 8. Bd3 exd5
9. exd5 Re8+ 10. Be3 Nh5 11. O-O f5 12. Qd2 Nd7 13. Rae1 Ne5 14. Be2 Nf7 15.
Bg5 Nxg5 16. Nxg5 Bh6 17. h4 Nf6 18. Bd1 Bd7 19. Qd3 Bxg5 20. hxg5 Ne4 21. Nxe4
fxe4 22. Qg3 Re5 23. f4 Re7 24. Re3 Qa5 25. Qe1 Qxa2 26. Qc3 Rf8 27. b4 cxb4
28. Qxb4 Qa6 29. c5 Qb5 30. Qxb5 Bxb5 31. cxd6 Rd7 32. Bg4 Rxd6 33. Rc1 Bd7 34.
Bxd7 Rxd7 35. Rxe4 Rxd5 36. Re7 Rf7 37. Rc8+ Kg7 38. Ree8 Rfd7 39. Rg8+ Kf7 40.
Rce8 Re7 41. Rxe7+ Kxe7 42. Rg7+ Ke6 43. Rxb7 Rd7 44. Rxd7 1/2-1/2

[Event "II Festival Magistrale"]
[Site "Montecatini Terme ITA"]
[Date "1993.07.??"]
[Round "3"]
[White "Benvenuti, Carlo"]
[Black "Leoncini, Mario"]
[WhiteElo "2081"]
[BlackElo "2250"]
[Result "1/2-1/2"]
[PlyCount "34"]
[EventDate "1993.07.31"]

1. Nf3 Nf6 2. b3 d5 3. Bb2 e6 4. e3 Be7 5. Be2 O-O 6. O-O c5 7. Ne1 Nc6 8. f4
d4 9. Nd3 dxe3 10. dxe3 Nd5 11. Qc1 b6 12. Rd1 Qc7 13. Nc3 Nxc3 14. Bxc3 Rd8
15. Qb2 Bf8 16. Ne5 Bb7 17. Bf3 Nxe5 1/2-1/2

[Event "II Festival Magistrale"]
[Site "Montecatini Terme ITA"]
[Date "1993.07.??"]
[Round "3"]
[White "Sedina, Elena"]
[Black "Zelcic, Robert"]
[WhiteElo "2255"]
[BlackElo "2450"]
[Result "0-1"]
[PlyCount "69"]
[EventDate "1993.07.31"]

1. e4 Nf6 2. e5 Nd5 3. Nc3 Nxc3 4. dxc3 d6 5. Bf4 Nc6 6. Nf3 Bg4 7. Bb5 Qd7 8.
h3 Bh5 9. g4 Bg6 10. Qe2 a6 11. Ba4 e6 12. c4 d5 13. O-O-O b5 14. cxd5 bxa4 15.
dxc6 Qxc6 16. Nd4 Qd5 17. Nf5 Qc6 18. Nd4 Qd5 19. Nf5 Qb5 20. Qxb5+ axb5 21.
Nd4 c6 22. Rhe1 Bc5 23. Be3 O-O 24. c3 Rac8 25. f4 Rfd8 26. a3 h5 27. Bf2 Rd5
28. Rd2 Be7 29. Red1 b4 30. axb4 c5 31. Nf5 Bxf5 32. gxf5 Rxd2 33. Rxd2 cxb4
34. Rd7 Kf8 35. fxe6 0-1

[Event "II Festival Magistrale"]
[Site "Montecatini Terme ITA"]
[Date "1993.07.??"]
[Round "5"]
[White "Leoncini, Mario"]
[Black "Negro, Roberto"]
[WhiteElo "2250"]
[BlackElo "2154"]
[Result "1-0"]
[PlyCount "63"]
[EventDate "1993.07.31"]

1. e4 c5 2. Nf3 Nc6 3. c3 d6 4. d4 Nf6 5. d5 Nb8 6. Bg5 g6 7. Be2 Bg7 8. O-O
O-O 9. Nbd2 Bg4 10. Ne1 Bd7 11. Nc2 b5 12. Ne3 Qb6 13. Kh1 e6 14. a4 h6 15.
Bxf6 Bxf6 16. dxe6 fxe6 17. axb5 Bxb5 18. Ndc4 Qc7 19. Qb3 a6 20. Bg4 Nc6 21.
Bxe6+ Kh7 22. Rfd1 Bxc4 23. Bxc4 Bh4 24. f3 Ne5 25. Rxa6 Rxa6 26. Bxa6 Rb8 27.
Qd5 Bf2 28. Nc4 Nf7 29. g3 Qa7 30. Kg2 Ne5 31. Nxe5 dxe5 32. Qd7+ 1-0

[Event "II Festival Magistrale"]
[Site "Montecatini Terme ITA"]
[Date "1993.07.??"]
[Round "8"]
[White "Leoncini, Mario"]
[Black "Gagliardi, Pietro"]
[WhiteElo "2250"]
[BlackElo "2215"]
[Result "1/2-1/2"]
[PlyCount "64"]
[EventDate "1993.07.31"]

1. e4 c6 2. d4 d5 3. Nd2 dxe4 4. Nxe4 Bf5 5. Ng3 Bg6 6. Nf3 Nd7 7. h4 h6 8. h5
Bh7 9. Bd3 Bxd3 10. Qxd3 Qc7 11. Bd2 Ngf6 12. O-O-O e6 13. Ne4 O-O-O 14. c4
Nxe4 15. Qxe4 Nf6 16. Qe2 Bd6 17. g3 c5 18. Bc3 Rhe8 19. dxc5 Bxc5 20. Ne5
Rxd1+ 21. Rxd1 Rd8 22. g4 Rxd1+ 23. Kxd1 Bd6 24. Kc2 Bxe5 25. Bxe5 Qc5 26. Bc3
Qc6 27. f3 Ne8 28. b3 f6 29. f4 a6 30. Kb2 Kd7 31. Bb4 Kc8 32. Bc3 Kd7 1/2-1/2